00359nam a2200133Ia 4500003000400000008004100004020002700045040000800072100002100080245007400101260002300175300001500198365001200213LDD181029s9999 xx 000 0 und d a9781412925686c3950.00 cLDD aFriedenberg, Jay 0aCognitive Sciencebintroduction to the study of mindcJay Friedenberg aLondonbSagec2006 axxiii, 531 b3950.00